Rationality in planning : (Record no. 125579)

MARC details
000 -LEADER
fixed length control field 00778nam a22002417a 4500
005 - DATE AND TIME OF LATEST TRANSACTION
control field 20170124105957.0
010 ## - LIBRARY OF CONGRESS CONTROL NUMBER
LC control number A-254149
020 ## - INTERNATIONAL STANDARD BOOK NUMBER
Terms of availability 00.00
International Standard Book Number 0850861128
035 ## - SYSTEM CONTROL NUMBER
System control number A-254149
037 ## - SOURCE OF ACQUISITION
Source of stock number/acquisition Cen Lib/Ret
040 ## - CATALOGING SOURCE
Original cataloging agency DPL
Language of cataloging EN
082 ## - DEWEY DECIMAL CLASSIFICATION NUMBER
Classification number 309.26
Item number BRE
100 ## - MAIN ENTRY--PERSONAL NAME
Personal name Breheny,M.
9 (RLIN) 14830
245 ## - TITLE STATEMENT
Title Rationality in planning :
Statement of responsibility, etc by M.Breheny [and] A.Hooper
Remainder of title critical essays on the role of rationality in Urban & regional planning /
260 ## - PUBLICATION, DISTRIBUTION, ETC. (IMPRINT)
Place of publication, distribution, etc London
Name of publisher, distributor, etc Pion limited
Date of publication, distribution, etc 1985
270 ## - ADDRESS
Address 207,Brondesbury Park
City London
300 ## - PHYSICAL DESCRIPTION
Extent 247p.
Dimensions 22cm(Hb)
500 ## - GENERAL NOTE
General note Includes bibliographical reference and index
650 ## - SUBJECT ADDED ENTRY--TOPICAL TERM
Geographic subdivision Rationalism
9 (RLIN) 8647
650 ## - SUBJECT ADDED ENTRY--TOPICAL TERM
Topical term or geographic name as entry element Regional planning
9 (RLIN) 7705
700 ## - ADDED ENTRY--PERSONAL NAME
Personal name Hooper,A.
9 (RLIN) 14831
942 ## - ADDED ENTRY ELEMENTS (KOHA)
Source of classification or shelving scheme Dewey Decimal Classification
Koha item type English Books
Classification part 309.26
Call number suffix BRE
Holdings
Withdrawn status Lost status Damaged status Not for loan Home library Current library Date acquired Source of acquisition Cost, normal purchase price Total Checkouts Full call number Barcode Date last seen Copy number Cost, replacement price Price effective from Koha item type Public note
Written off       Central Library Central Library 22/06/2015 Cen Lib/Ret 0.00   309.26 BRE A-254149 22/06/2015 1 0.00 22/06/2015 English Books W/d List No. 6889/21 ; dtd 10/09/2020

© Delhi Public Library
Hit Counter
free hit counter